000 00265nam a2200109Ia 4500
008 200302s9999 xx 000 0 und d
100 _aArchitekturgelerie Luzern
245 _aDevanthery & Lamuniere
260 _bBirkhauser Verlag Ag
260 _c1996
300 _a102
999 _c4643
_d4643